Džíny jako image

Image džínsového oblečenia. Cieľová skupina zákazníkov firmy Levi's v ČR. Konkurenti v ČR a vo svete. Reklamná kampaň na model džínov Levi's 501 - Riveted.

Gespeichert in:
Bibliographische Detailangaben
Format: Buchkapitel
Sprache:Tschechisch
Schlagworte:
Tags: Tag hinzufügen
Keine Tags, Fügen Sie das erste Tag hinzu!

MARC

LEADER 00000naa a2200000 4500
001 r022040
005 20230911123627.3
041 0 |a cze 
044 |a CZ 
245 1 0 |a Džíny jako image 
520 |a Image džínsového oblečenia. Cieľová skupina zákazníkov firmy Levi's v ČR. Konkurenti v ČR a vo svete. Reklamná kampaň na model džínov Levi's 501 - Riveted. 
610 2 0 |a imidž 
610 2 0 |a reklama 
610 2 0 |a podnikanie obchodné 
610 2 0 |a Levi's 
610 2 0 |a Česko 
610 2 0 |a textil 
610 2 0 |a zákazníci